University Home | Library Home | Institutional Repository

Residential catering. (Record no. 165479)

MARC details
000 -LEADER
fixed length control field 00603cam0a220020500 4500
001 - CONTROL NUMBER
control field tmp15698978
003 - CONTROL NUMBER IDENTIFIER
control field UPRA
005 - DATE AND TIME OF LATEST TRANSACTION
control field 20190826103216.0
008 - FIXED-LENGTH DATA ELEMENTS--GENERAL INFORMATION
fixed length control field 951006s1966 enk f eng u
035 ## - SYSTEM CONTROL NUMBER
System control number (Sirsi) r61996
035 ## - SYSTEM CONTROL NUMBER
System control number (UPRA)tmp15698978
040 ## - CATALOGING SOURCE
Transcribing agency UPRA
110 1# - MAIN ENTRY--CORPORATE NAME
Subordinate unit University Grants Committee.
Linkage A5179.1
245 10 - TITLE STATEMENT
Title Residential catering.
260 ## - PUBLICATION, DISTRIBUTION, ETC.
Place of publication, distribution, etc. London :
Name of publisher, distributor, etc. H.M.S.O.,
Date of publication, distribution, etc. 1966.
440 #0 - SERIES STATEMENT/ADDED ENTRY--TITLE
Title University building notes
Linkage S2191.1
650 #0 - SUBJECT ADDED ENTRY--TOPICAL TERM
Topical term or geographic name entry element School lunchrooms, cafeterias, etc.
Linkage S15151.1
949 ## - LOCAL PROCESSING INFORMATION (OCLC)
a TX945
w lcc
i 33729000319801
m MAIN
p 2500
t BOOK
l ON-SHELF

No items available.

© 2026 - The University of Zambia Library - Koha v25.11